000 00451nam a2200181 a 4500
001 11579
003 CO-ViMGA
008 141112s2004 ck r 000 u spa d
020 _a9681902203
040 _aCO-ViMGA
_bspa
_cCO-ViMGA
082 0 4 _aM 863.6 F83m3
100 1 _aFuentes, Carlos
_916118
245 1 0 _aEl mal del tiempo
260 _aMexico,
_cAlfaguara,
_c1994
300 _aV.1, V.2
650 1 4 _aCUENTOS MEXICANOS
_916119
942 _2ddc
_cBK
999 _c22768
_d22768